Dynastie Anglii i Wielkiej Brytanii - Statystyki

Ogólne statystyki
  • Ten quiz został rozwiązany 139 razy
  • Średni wynik to 9 z 17
Statystyki odpowiedzi
Nr Lata panowania Dynastia % Poprawnych
12 1485-1603 dynastia Tudorów
90%
17 1901-teraz dynastia Sachsen-Coburg-Gotha (Koburgowie)
83%
13 1603-1649 dynastia Stuartów
79%
15 1660-1714 dynastia Stuartów
79%
9 1461-1470 dynastia Yorków
64%
11 1471-1485 dynastia Yorków
64%
6 1066-1154 dynastia Normandzka
58%
8 1399-1461 dynastia Lancasterów
53%
10 1470-1471 dynastia Lancasterów
53%
16 1714-1901 dynastia Hanowerska
51%
7 1154-1399 dynastia Plantagenetów
47%
14 1653-1659 dynastia Cromwellów
39%
1 924-1013 dynastia z Wessexu
35%
3 1014-1016 dynastia z Wessexu
35%
5 1042-1066 dynastia z Wessexu
35%
2 1013–1014 dynastia Duńska
24%
4 1016-1042 dynastia Duńska
24%
Nie znaleziono quizów pasujących do podanych kryteriów
Rozkład punktacji
Procent ludzi z każdym wynikiem
Percentyl według liczby udzielonych odpowiedzi
Twoja historia wyników
Nie rozwiązałeś tego quizu